Mecánica Cuántica

Uloženo v:
Podrobná bibliografie
Hlavní autor: Garrido Arilla, Luis María (Autor)
Médium: Kniha
Jazyk:španělština
Vydáno: Madrid Rialp 1963
Edice:Biblioteca Científica, 1
Témata:
Tagy: Přidat tag
Žádné tagy, Buďte první, kdo vytvoří štítek k tomuto záznamu!

MARC

LEADER 00000nam a2200000 a 4500
001 UCH2007
003 CL-VaPUC
008 090520e19630000SP |||||||||||||||||spa|d
082 0 4 |a 530.12  |b GAR  |2 21 
100 |a Garrido Arilla, Luis María  |e author  |9 536642 
245 1 0 |a Mecánica Cuántica 
300 |a v 
942 |c BK 
945 |d 20090520 00:00:00  |a dcastane 
260 |a Madrid  |b Rialp  |c 1963 
650 0 |a Teoría cuántica  |9 266148 
650 0 |a Mecánica cuántica  |9 306806 
583 |a last modification  |c 20090520 00:00:00  |k Rodrigo Vera 
490 0 |a Biblioteca Científica, 1 
999 |c 333874  |d 333872 
952 |0 0  |1 0  |4 0  |6 530_120000000000000_GAR_1963  |7 0  |8 A  |9 422518  |a BIBCUR  |b BIBCUR  |d 2019-11-22  |h v.1  |i 4534956  |l 7  |m 1  |o 530.12 GAR 1963  |p 4534956  |r 2025-04-22  |s 2025-03-24  |w 2019-11-22  |y BK  |k FIS